Foundation of Education (Record no. 1460993)

MARC details
000 -LEADER
fixed length control field 00504nam a2200181Ia 4500
005 - DATE AND TIME OF LATEST TRANSACTION
control field 20250923150225.0
008 - FIXED-LENGTH DATA ELEMENTS--GENERAL INFORMATION
fixed length control field 008 250917s9999 xx 000 0 eng d
037 ## - SOURCE OF ACQUISITION
Stock number Textual
040 ## - CATALOGING SOURCE
Original cataloging agency DSWL
Language of cataloging eng
Transcribing agency DSWL
041 ## - LANGUAGE CODE
Language code of text/sound track or separate title eng
Source of code eng
084 ## - COLON CLASSIFICATION NUMBER
Classification number T, N3
Assigning agency DSWL
100 ## - MAIN ENTRY--PERSONAL NAME
Personal name Ornstein, A C
9 (RLIN) 843584
245 #0 - TITLE STATEMENT
Title Foundation of Education
Statement of responsibility, etc. by A C Ornstein
260 ## - PUBLICATION, DISTRIBUTION, ETC.
Place of publication, distribution, etc. Boston
Name of publisher, distributor, etc. Houghton Miffin
Date of publication, distribution, etc. 1993
650 ## - SUBJECT ADDED ENTRY--TOPICAL TERM
Topical term or geographic name entry element D U LEVINE
9 (RLIN) 843585
942 ## - ADDED ENTRY ELEMENTS (KOHA)
Koha item type Textual
Classification part T, N3
Holdings
Withdrawn status Lost status Damaged status Not for loan Home library Current library Date acquired Total Checkouts Full call number Barcode Date last seen Price effective from Koha item type
        Department of Social Work Library Department of Social Work Library 2025-09-23   T, N3 SW0029850 2025-09-23 2025-09-23 Textual
Copyright @ Delhi University Library System